ბათუმის შოთა რუსთაველის სახელმწიფო უნივერსიტეტის ბიბლიოთეკა

შემთხვევის ადგილის დათვალიერება. (ბიბ.ჩანაწერი № 43991)

000 -LEADER
fixed length control field 01001nam a2200253Ia 4500
001 - CONTROL NUMBER
control field 10741
003 - CONTROL NUMBER IDENTIFIER
control field GE_BSU
008 - FIXED-LENGTH DATA ELEMENTS--GENERAL INFORMATION
fixed length control field 181216s||||||||xx |||||||||||||| ||und||
020 ## - INTERNATIONAL STANDARD BOOK NUMBER
International Standard Book Number 9992849118
040 ## - CATALOGING SOURCE
Transcribing agency GE_BSU
080 ## - UNIVERSAL DECIMAL CLASSIFICATION NUMBER
Universal Decimal Classification number 343.132(075.8)
100 ## - MAIN ENTRY--PERSONAL NAME
Personal name ფაფიაშვილი,შოთა; ინაიშვილი,თემურ.
245 ## - TITLE STATEMENT
Title შემთხვევის ადგილის დათვალიერება.
245 ## - TITLE STATEMENT
Remainder of title სახელმძღვ.იურიდ.ფაკ–ტის სტუდ.
245 ## - TITLE STATEMENT
Statement of responsibility, etc. რედ.ტარიელ ქათამაძე.
260 ## - PUBLICATION, DISTRIBUTION, ETC.
Place of publication, distribution, etc. ბათუმი.
260 ## - PUBLICATION, DISTRIBUTION, ETC.
Name of publisher, distributor, etc. იურიდიული ლიტერატურა".
260 ## - PUBLICATION, DISTRIBUTION, ETC.
Date of publication, distribution, etc. 2002.
300 ## - PHYSICAL DESCRIPTION
Extent 138გვ;19სმ.
300 ## - PHYSICAL DESCRIPTION
Accompanying material სურ;ბიბლიოგრ:გვ.133–134.
653 ## - INDEX TERM--UNCONTROLLED
Uncontrolled term შემთხვევის ადგილის დათვალიერება.
942 ## - ADDED ENTRY ELEMENTS (KOHA)
Koha item type წიგნი
ეგზემპლარები
Withdrawn status Lost status Damaged status Not for loan Date acquired Barcode Date last seen Price effective from Koha item type
        2018-12-17 35117 2018-12-17 2018-12-17 წიგნი
        2018-12-17 35118 2018-12-17 2018-12-17 წიგნი
        2018-12-17 35119 2018-12-17 2018-12-17 წიგნი